000 01321nam a22001937a 4500
005 20241203150655.0
008 230714b ||||| |||| 00| 0 eng d
040 _cSSBUL
082 _223
_a၃၀၅.၈၉၅၈ ထွန်း
_b၁၆၀၂၂ (S-SAT)
100 _aထွန်းရွှေခိုင်၊
_g(စစ်တွေကောလိပ်)။
_928026
245 _aရခိုင်မြောက်ဖျားဒေသမှ သက်တိုင်းရင်းသားများ /
_cထွန်းရွှေခိုင်(စစ်တွေကောလိပ်)။
260 _aရန်ကုန် ၊
_bစစ်သည်တော်စာပေ၊
_c၁၉၈၈။
300 _a၁၅၉ စာမျက်နှာ၊
_bရုပ်ပုံများ၊
_c၂၃ စင်တီ။
500 _aS-SAT: Sai Aung Tun Collection
650 _aသက်တိုင်းရင်းသား
_vယဉ်ကျေးမှုနှင့် ဓလေ့ထုံးစံ။
_928027
650 _aရခိုင်တိုင်းရင်းသား
_vယဉ်ကျေးမှုနှင့် ဓလေ့ထုံးစံ။
_928028
650 _aသက်တိုင်းရင်းသား
_zမြန်မာနိုင်ငံ။
_954574
942 _2ddc
_cBK1
999 _c27231
_d27231